000 00579nam a2200181 i 4500
001 28597
003 ES-MaACL
005 20230906153908.0
007 t|
008 030117s1970 sp ||||1| spa d
100 1 _aAzpeitia, Eduardo María.
_924342
245 1 4 _aLos signos de la misa /
_cEduardo María Azpeitia, Jesús María Pascual.
260 _aBilbao :
_bMensajero,
_c[1970]
300 _a93 p. ;
_c19 cm.
500 _aLas pág. 65, 68, 69, 70, 72, 73, 76, 77, 78, y 80 en blanco.
700 1 _aPascual, Jesús María.
_989350
852 _aES-MaACL
_jC-51122
_bR.76473
999 _c28597
_d28597